Media law and ethics / (Record no. 22025)
[ view plain ]
| 000 -LEADER | |
|---|---|
| fixed length control field | 01242cam a22003615a 4500 |
| 001 - CONTROL NUMBER | |
| control field | 014796816 |
| 003 - CONTROL NUMBER IDENTIFIER | |
| control field | OSt |
| 005 - DATE AND TIME OF LATEST TRANSACTION | |
| control field | 20160725123647.0 |
| 008 - FIXED-LENGTH DATA ELEMENTS--GENERAL INFORMATION | |
| fixed length control field | 070511t2008 nyua frb 001 0 eng d |
| 010 ## - LIBRARY OF CONGRESS CONTROL NUMBER | |
| LC control number | 2007019950 |
| 015 ## - NATIONAL BIBLIOGRAPHY NUMBER | |
| National bibliography number | GBB059370 |
| Source | bnb |
| 016 7# - NATIONAL BIBLIOGRAPHIC AGENCY CONTROL NUMBER | |
| Record control number | 014796816 |
| Source | Uk |
| 020 ## - INTERNATIONAL STANDARD BOOK NUMBER | |
| International Standard Book Number | 9780805850673 (pbk.) |
| 020 ## - INTERNATIONAL STANDARD BOOK NUMBER | |
| International Standard Book Number | 0805850678 (pbk.) |
| 040 ## - CATALOGING SOURCE | |
| Original cataloging agency | DLC |
| Language of cataloging | eng |
| Transcribing agency | DLC |
| Modifying agency | Uk |
| -- | EG-ScBUE |
| 043 ## - GEOGRAPHIC AREA CODE | |
| Geographic area code | n-us--- |
| 082 04 - DEWEY DECIMAL CLASSIFICATION NUMBER | |
| Classification number | 343.73099 |
| Item number | MOO |
| Edition number | 22 |
| 100 1# - MAIN ENTRY--PERSONAL NAME | |
| Personal name | Moore, Roy L. |
| 9 (RLIN) | 39131 |
| 245 10 - TITLE STATEMENT | |
| Title | Media law and ethics / |
| Statement of responsibility, etc | Roy L. Moore, Michael D. Murray. |
| 250 ## - EDITION STATEMENT | |
| Edition statement | 3rd ed. |
| 260 ## - PUBLICATION, DISTRIBUTION, ETC. (IMPRINT) | |
| Place of publication, distribution, etc | New York ; |
| -- | Oxon : |
| Name of publisher, distributor, etc | Lawrence erlbaum associates / Taylor & Francis Group (Routledge), |
| Date of publication, distribution, etc | c.2008. |
| 300 ## - PHYSICAL DESCRIPTION | |
| Extent | x, 803 p. : |
| Other physical details | ill. ; |
| Dimensions | 25 cm. |
| 490 0# - Series Statement | |
| Series statement | LEA's communication series |
| 500 ## - GENERAL NOTE | |
| General note | Rev. ed. of : Mass communication law and ethics. 1999. |
| 504 ## - BIBLIOGRAPHY, ETC. NOTE | |
| Bibliography, etc | Includes bibliographical references and indexes. |
| 650 #0 - SUBJECT ADDED ENTRY--TOPICAL TERM | |
| Topical term or geographic name as entry element | Mass media |
| General subdivision | Law and legislation |
| Geographic subdivision | United States |
| Form subdivision | Cases. |
| Source of heading or term | BUEsh |
| 650 #0 - SUBJECT ADDED ENTRY--TOPICAL TERM | |
| Topical term or geographic name as entry element | Mass media |
| General subdivision | Moral and ethical aspects |
| Form subdivision | Case studies. |
| Source of heading or term | BUEsh |
| 651 ## - SUBJECT ADDED ENTRY--GEOGRAPHIC NAME | |
| Source of heading or term | BUEsh |
| 653 ## - INDEX TERM--UNCONTROLLED | |
| Resource For college | Law |
| Arrived date list | July2016 |
| 700 1# - ADDED ENTRY--PERSONAL NAME | |
| Personal name | Murray, Michael D. |
| 9 (RLIN) | 40439 |
| 700 1# - ADDED ENTRY--PERSONAL NAME | |
| Personal name | Moore, Roy L. |
| Title of a work | Mass communication law and ethics. |
| 942 ## - ADDED ENTRY ELEMENTS (KOHA) | |
| Source of classification or shelving scheme | Dewey Decimal Classification |
| Withdrawn status | Item status | Source of classification or shelving scheme | Damaged status | Not for loan | Vendor | Home library | Current library | Shelving location | Date acquired | Source of acquisition | Cost, normal purchase price | Serial Enumeration / chronology | Total Checkouts | Total Renewals | Full call number | Barcode | Date last seen | Date last borrowed | Cost, replacement price | Koha item type | Public note |
|---|---|---|---|---|---|---|---|---|---|---|---|---|---|---|---|---|---|---|---|---|---|
| Dewey Decimal Classification | Baccah | Central Library | Central Library | First floor | 25/07/2016 | Purchase | 420.00 | 26080 | 2 | 11 | 343.73099 MOO | 000032906 | 15/07/2025 | 17/09/2019 | 525.00 | Book - Borrowing | |||||
| Dewey Decimal Classification | Baccah | Central Library | Central Library | First floor | 25/07/2016 | Purchase | 420.00 | 26080 | 3 | 5 | 343.73099 MOO | 000056372 | 04/05/2026 | 20/10/2021 | 525.00 | Book - Borrowing | (Replaced with 000032905) |